000
00296nam a2200121Ia 4500
008
220204s9999 xx 000 0 und d
082
_a
582.26
_b
LEE
100
_a
Lee, Robert Edward
245
0
_a
Phycology
260
_a
Cambridge
_b
Cambridge University
_c
1980
650
_a
Phycology
942
_c
BK
999
_c
36986
_d
36986